कुमाउँनी रामायण (Record no. 7773)

MARC details
000 -LEADER
fixed length control field 01043 a2200217 4500
005 - DATE AND TIME OF LATEST TRANSACTION
control field 20190413120234.0
008 - FIXED-LENGTH DATA ELEMENTS--GENERAL INFORMATION
fixed length control field 080918t xxu||||| |||| 00| 0 hin d
010 ## - LCCN (DPL NO)
LC control number HIN-81117
020 ## - INTERNATIONAL STANDARD BOOK NUMBER
Terms of availability 400.00
International Standard Book Number 8179651274
035 ## - SYSTEM CONTROL NUMBER
System control number HN-53463
035 ## - SYSTEM CONTROL NUMBER
System control number B-232412, B-232414
037 ## - SOURCE OF ACQUISITION
Source of stock number/acquisition D.B.Act / pub
082 ## - DEWEY DECIMAL CLASSIFICATION NUMBER
Classification number 230.2
100 ## - MAIN ENTRY--PERSONAL NAME
Personal name मनराल,कुन्दन सिंह 'पहाड़ि'
9 (RLIN) 41938
245 ## - TITLE STATEMENT
Title कुमाउँनी रामायण
Statement of responsibility, etc कुन्दन सिंह मनराल 'पहाड़ि'
246 ## - VARYING FORM OF TITLE
Remainder of title by Kundan Singh Manral 'Pahari'
Title proper/short title Kumauni Ramayan
260 ## - PUBLICATION, DISTRIBUTION, ETC. (IMPRINT)
Place of publication, distribution, etc नई दिल्ली
Name of publisher, distributor, etc तक्षशिला प्रकाशन
Date of publication, distribution, etc 2007
270 ## - ADDRESS
Address 98-ए, हिन्दी पार्क, दरियागंज
City नई दिल्ली
Postal code 110002
Telephone number 011- 23258802, 65285328, 22513959
Fax number 011 23258767
300 ## - PHYSICAL DESCRIPTION
Extent x,432पृ
Dimensions 22 सेमी (सजिल्द)
Other physical details (सचित्र)
942 ## - ADDED ENTRY ELEMENTS (KOHA)
Institution code [OBSOLETE] dpl
Item type Hindi Books
Call number prefix 230.2 / मनरा
Source of classification or shelving scheme Dewey Decimal Classification
Classification part 230.2
Call number suffix मनरा
Holdings
Withdrawn status Lost status Source of classification or shelving scheme Damaged status Not for loan Home library Current library Date acquired Cost, normal purchase price Total Checkouts Full call number Barcode Date last seen Copy number Cost, replacement price Koha item type Collection code Public note Source of acquisition
    Dewey Decimal Classification     D.B.Act.Division D.B.Act.Division 18/09/2008 400.00   230.2 मनरा HN-53463 15/09/2008 1 400.00 Hindi Books      
    Dewey Decimal Classification     Sarojini Nagar Sarojini Nagar 14/02/2012 400.00 2 230.2 मनरा B-232412 03/01/2022   400.00 Hindi Books Non-fiction Withdrwan List Prepared List No. 32/18  
    Dewey Decimal Classification     Shahdara Branch Shahdara Branch 13/04/2019 400.00   230.2 मनरा B-232414 13/04/2019   400.00 Hindi Books Non-fiction   BPPD/PUB

© Delhi Public Library
Hit Counter
free hit counter